[Event "0MCR_3DE_2L_1S"]
[Site "?"]
[Date "2003.??.??"]
[Round "?"]
[White "Baciak, Miloslav"]
[Black "Glembek, Bohumir"]
[Result "1/2-1/2"]
[WhiteElo "1930"]
[BlackElo "2115"]
[PlyCount "94"]
[EventDate "2003.??.??"]
[EventType "corr"]
[EventRounds "2"]
[SourceDate "2004.06.03"]

1. e4 Nf6 2. Nc3 e5 3. Nf3 Nc6 4. Bb5 Nd4 5. Ba4 Bc5 6. Nxe5 O-O 7. Nd3 Bb6 8.
e5 Ne8 9. Nd5 c6 10. Ne3 d5 11. c3 Nf5 12. Bc2 d4 13. Nxf5 Bxf5 14. Qf3 Bg6 15.
O-O Nc7 16. Qg3 Re8 17. c4 Ne6 18. b3 f6 19. f4 fxe5 20. fxe5 Qg5 21. Qxg5 Nxg5
22. Ba3 Bxd3 23. Bxd3 Rxe5 24. Bd6 Ree8 25. Rae1 Nf7 26. Rxe8+ Rxe8 27. Bxh7+
Kxh7 28. Rxf7 d3+ 29. Kf1 Re2 30. c5 Ba5 31. Rxb7 Bxd2 32. Re7 Be3 33. Bg3 Rc2
34. Rxe3 Rc1+ 35. Kf2 d2 36. Rd3 d1=Q 37. Rxd1 Rxd1 38. Ke2 Rc1 39. Kd3 Rxc5
40. Bf4 Rd5+ 41. Kc4 Kg6 42. g4 a6 43. a4 Kf6 44. b4 g6 45. a5 Rb5 46. h4 Rd5
47. Bc7 Ke6 1/2-1/2

[Event "0MCR_3DE_2L_1S"]
[Site "?"]
[Date "2003.??.??"]
[Round "?"]
[White "Baciak, Miloslav"]
[Black "Hurka, Jiri"]
[Result "1/2-1/2"]
[WhiteElo "1930"]
[BlackElo "1800"]
[PlyCount "108"]
[EventDate "2003.??.??"]
[EventType "corr"]
[EventRounds "2"]
[SourceDate "2004.06.03"]

1. e4 e5 2. Nf3 Nc6 3. Bb5 a6 4. Bxc6 dxc6 5. O-O Bg4 6. h3 h5 7. d3 Qf6 8.
Nbd2 Bd6 9. Re1 Ne7 10. d4 Bxf3 11. Nxf3 Ng6 12. Bg5 Qe6 13. d5 Qd7 14. c4 f6
15. Be3 c5 16. Rb1 a5 17. a3 a4 18. b4 axb3 19. Rxb3 b6 20. Qe2 Kf7 21. Ra1 h4
22. Nd2 Ne7 23. Nb1 g5 24. Nc3 Rag8 25. f3 Ra8 26. a4 Ra5 27. Rb5 Rha8 28. Rxa5
Rxa5 29. Nb5 Kg7 30. Qd1 Nc8 31. Bd2 Ra6 32. Bc3 Be7 33. Qb3 Nd6 34. a5 bxa5
35. Rxa5 Rxa5 36. Bxa5 c6 37. Nc7 cxd5 38. Nxd5 Qb7 39. Qd3 Qa6 40. Bc7 Kf7 41.
Bxd6 Qa1+ 42. Kh2 Bxd6 43. Ne3 Qd4 44. Qe2 Bc7 45. Nf5 Qd7 46. Qa2 Kg6 47. Qf2
Bb6 48. Qe3 Kh5 49. Qb3 Qd2 50. Ne3 Ba5 51. Qb7 Kg6 52. Nd5 Bd8 53. Qb1 Qf2 54.
Qa1 Kf7 1/2-1/2

[Event "0MCR_3DE_2L_1S"]
[Site "?"]
[Date "2003.??.??"]
[Round "?"]
[White "Baciak, Miloslav"]
[Black "Misicko, Jan"]
[Result "1/2-1/2"]
[WhiteElo "1930"]
[BlackElo "2055"]
[PlyCount "48"]
[EventDate "2003.??.??"]
[EventType "corr"]
[EventRounds "2"]
[SourceDate "2004.06.03"]

1. e4 c5 2. Nf3 e6 3. d4 cxd4 4. Nxd4 Nf6 5. Nc3 d6 6. Be2 Be7 7. O-O Nc6 8.
Be3 Bd7 9. f4 Nxd4 10. Bxd4 Bc6 11. Qd3 O-O 12. Qg3 g6 13. Qd3 b5 14. e5 Nd5
15. Nxd5 Bxd5 16. Qxb5 dxe5 17. Bxe5 Rc8 18. c4 Bc6 19. Qb3 Qd2 20. Rfe1 Rcd8
21. Bf3 Bc5+ 22. Kh1 Rd3 23. Bc3 Qxe1+ 24. Rxe1 Rxf3 1/2-1/2

[Event "0MCR_3DE_2L_1S"]
[Site "?"]
[Date "2003.??.??"]
[Round "?"]
[White "Baciak, Miloslav"]
[Black "Nemecek, Pavel"]
[Result "0-1"]
[WhiteElo "1930"]
[BlackElo "2035"]
[PlyCount "116"]
[EventDate "2003.??.??"]
[EventType "corr"]
[EventRounds "2"]
[SourceDate "2004.06.03"]

1. e4 e5 2. Nf3 Nf6 3. Nxe5 d6 4. Nf3 Nxe4 5. d4 d5 6. Bd3 Bd6 7. O-O O-O 8. c4
c6 9. cxd5 cxd5 10. Re1 Re8 11. Nc3 Nxc3 12. bxc3 Rxe1+ 13. Qxe1 Nc6 14. Qe2
Bg4 15. h3 Bh5 16. Bd2 Qf6 17. Bg5 Qxg5 18. Nxg5 Bxe2 19. Bxe2 a6 20. Re1 b5
21. Bf3 Ne7 22. Rxe7 Bxe7 23. Nxf7 Rc8 24. Bxd5 Kf8 25. Ne5 Rxc3 26. Kf1 Rc2
27. Bb3 Rd2 28. Nf3 Rb2 29. Ne5 a5 30. Nd3 Rd2 31. Nf4 Bf6 32. Ke1 Rb2 33. Bd5
a4 34. Kd1 Rxf2 35. Ne2 b4 36. Ke1 Rf5 37. Be4 b3 38. axb3 a3 39. Bb1 Rd5 40.
Ba2 Bxd4 41. b4 Rd6 42. Kd2 Bf2+ 43. Kc2 Be1 44. Nf4 Bxb4 45. Nd5 Ba5 46. Kd3
Rc6 47. g4 Rc1 48. Bb3 Rb1 49. Bc4 Rb2 50. h4 a2 51. Bxa2 Rxa2 52. Ke4 Ra4+ 53.
Kf3 Kf7 54. h5 Ke6 55. Ne3 Ke5 56. Nf5 Rf4+ 57. Kg3 Rxf5 58. gxf5 Kxf5 0-1

[Event "0MCR_3DE_2L_1S"]
[Site "?"]
[Date "2003.??.??"]
[Round "?"]
[White "Baciak, Miloslav"]
[Black "Pauschek, Roman"]
[Result "0-1"]
[WhiteElo "1930"]
[BlackElo "2080"]
[PlyCount "106"]
[EventDate "2003.??.??"]
[EventType "corr"]
[EventRounds "2"]
[SourceDate "2004.06.03"]

1. e4 e5 2. Nf3 Nc6 3. Bb5 a6 4. Bc4 Nf6 5. O-O Be7 6. d3 O-O 7. Bd5 d6 8. Be3
Bg4 9. h3 Bh5 10. Bxc6 bxc6 11. Nbd2 Qb8 12. b3 Nd7 13. c3 Qb7 14. Re1 Bg6 15.
d4 exd4 16. cxd4 d5 17. Bf4 Rfe8 18. Qc1 dxe4 19. Nxe4 Bb4 20. Nfd2 Rxe4 21.
Nxe4 Bxe1 22. Qxe1 Re8 23. f3 f5 24. Nf6+ Nxf6 25. Qd2 Nd5 26. Be5 c5 27. Rc1
cxd4 28. Qxd4 Qb6 29. Bxg7 Re2 30. a3 Ra2 31. Qxb6 cxb6 32. Ra1 Rxa1+ 33. Bxa1
a5 34. Be5 b5 35. Kf2 f4 36. Ke2 Bc2 37. b4 axb4 38. axb4 Nxb4 39. Bxf4 Nd3 40.
Be3 b4 41. Kd2 b3 42. Bd4 Nf4 43. g3 Nxh3 44. Be3 h5 45. Kc3 Kf7 46. Kd2 Kf6
47. Bd4+ Kg6 48. Be3 Ng5 49. Bxg5 Kxg5 50. Kc1 Bd3 51. Kb2 Bc4 52. Kc3 Bd5 53.
Kb2 Bxf3 0-1

[Event "0MCR_3DE_2L_1S"]
[Site "?"]
[Date "2003.??.??"]
[Round "?"]
[White "Baciak, Miloslav"]
[Black "Tomisek, Petr"]
[Result "0-1"]
[WhiteElo "1930"]
[BlackElo "2165"]
[PlyCount "96"]
[EventDate "2003.??.??"]
[EventType "corr"]
[EventRounds "2"]
[SourceDate "2004.06.03"]

1. e4 e5 2. Nf3 Nc6 3. Bb5 f5 4. Nc3 fxe4 5. Nxe4 d5 6. Nxe5 dxe4 7. Nxc6 Qg5
8. Qe2 Nf6 9. f4 Qxf4 10. Ne5+ c6 11. d4 Qh4+ 12. g3 Qh3 13. Bc4 Be6 14. Bg5
O-O-O 15. O-O-O Bd6 16. Nf7 Bxf7 17. Bxf7 Rhf8 18. Bc4 Rde8 19. Rhf1 Re7 20. d5
c5 21. Bf4 Qd7 22. Be3 a6 23. Qd2 Ref7 24. Qc3 b5 25. Be2 Nxd5 26. Rxd5 Rxf1+
27. Bxf1 Rxf1+ 28. Rd1 Rxd1+ 29. Kxd1 Be5+ 30. Qd2 Bxb2 31. Bxc5 Bc3 32. Qxd7+
Kxd7 33. g4 Ke6 34. Ke2 Kd5 35. Bf8 Bd4 36. h4 Kc4 37. Kd2 e3+ 38. Kd1 Kc3 39.
a3 a5 40. h5 e2+ 41. Kxe2 Kxc2 42. Kf3 Bc3 43. g5 a4 44. Ke4 b4 45. Bxb4 Bxb4
46. h6 gxh6 47. axb4 a3 48. gxh6 a2 0-1

[Event "0MCR_3DE_2L_1S"]
[Site "?"]
[Date "2003.??.??"]
[Round "?"]
[White "Doudera, Lubomir"]
[Black "Baciak, Miloslav"]
[Result "1/2-1/2"]
[WhiteElo "2235"]
[BlackElo "1930"]
[PlyCount "98"]
[EventDate "2003.??.??"]
[EventType "corr"]
[EventRounds "2"]
[SourceDate "2004.06.03"]

1. e4 c5 2. c3 Nf6 3. e5 Nd5 4. d4 cxd4 5. Nf3 Nc6 6. Bc4 Nb6 7. Bb3 d5 8. exd6
Qxd6 9. O-O Be6 10. Na3 Bxb3 11. Qxb3 e6 12. Nb5 Qd7 13. Nbxd4 Bd6 14. Nb5 O-O
15. Nxa7 Rxa7 16. Qxb6 Rd8 17. Qb3 Na5 18. Qc2 Ra6 19. Re1 Qc7 20. Ng5 g6 21.
Nf3 Nc4 22. Bg5 Rd7 23. Red1 Ra5 24. h3 Kg7 25. b3 Ne5 26. Nxe5 Bxe5 27. Rxd7
Qxd7 28. Rd1 Rd5 29. Rxd5 Qxd5 30. c4 Qd4 31. Kf1 Qa1+ 32. Ke2 Bd4 33. Qd2 Kg8
34. Be3 Be5 35. a4 Bg7 36. f4 Bc3 37. Qd3 Qe1+ 38. Kf3 Bf6 39. Bf2 Qb4 40. g4
h6 41. Ke2 Qa3 42. Qf3 Qb2+ 43. Kf1 Qb1+ 44. Kg2 Qc2 45. Qxb7 Bd4 46. Qa8+ Kh7
47. Qf3 Bxf2 48. Qxf2 Qxb3 49. a5 Qxc4 1/2-1/2

[Event "0MCR_3DE_2L_1S"]
[Site "?"]
[Date "2003.??.??"]
[Round "?"]
[White "Doudera, Lubomir"]
[Black "Glembek, Bohumir"]
[Result "1-0"]
[WhiteElo "2235"]
[BlackElo "2115"]
[PlyCount "31"]
[EventDate "2003.??.??"]
[EventType "corr"]
[EventRounds "2"]
[SourceDate "2004.06.03"]

1. e4 e5 2. Nf3 Nc6 3. Bc4 Nf6 4. Ng5 d5 5. exd5 Na5 6. Bb5+ c6 7. dxc6 bxc6 8.
Be2 h6 9. Nf3 e4 10. Ne5 Bd6 11. d4 exd3 12. Nxd3 Qc7 13. b3 Ne4 14. Bb2 O-O
15. Nc3 Nd2 16. Qxd2 1-0

[Event "0MCR_3DE_2L_1S"]
[Site "?"]
[Date "2003.??.??"]
[Round "?"]
[White "Doudera, Lubomir"]
[Black "Hurka, Jiri"]
[Result "0-1"]
[WhiteElo "2235"]
[BlackElo "1800"]
[PlyCount "148"]
[EventDate "2003.??.??"]
[EventType "corr"]
[EventRounds "2"]
[SourceDate "2004.06.03"]

1. e4 e5 2. Nf3 Nc6 3. Bc4 Bc5 4. c3 Nf6 5. d3 Bb6 6. O-O O-O 7. Bg5 d6 8. Nbd2
Bg4 9. h3 Bd7 10. b4 h6 11. Bh4 a6 12. a4 Qe7 13. Qe2 Nd8 14. a5 Ba7 15. Nh2
Ne6 16. Rfe1 Nf4 17. Qf3 Rfc8 18. Ndf1 Ng6 19. Bxf6 Qxf6 20. Qxf6 gxf6 21. Ng4
Kg7 22. Ng3 Nf4 23. Ne3 Rg8 24. Rad1 b5 25. axb6 Bxb6 26. Kh2 Kf8 27. Ra1 h5
28. Rxa6 Rxa6 29. Bxa6 h4 30. Ngf1 Kg7 31. Bc4 Ra8 32. Nd2 Ra3 33. Nb1 Ra1 34.
d4 exd4 35. Nc2 Rxb1 36. Rxb1 dxc3 37. Ne3 Bd4 38. Rd1 Be5 39. Kh1 Be6 40. Bb5
f5 41. exf5 Bb3 42. Rc1 Bd5 43. f3 Bb3 44. Rb1 c2 45. Rc1 Bb2 46. Rxc2 Bxc2 47.
Nxc2 Kf6 48. Kh2 Be5 49. Kg1 Kxf5 50. Bd7+ Kf6 51. Kf1 d5 52. Ne3 Bc3 53. Nf5
Bxb4 54. Nxh4 c5 55. g3 Nd3 56. Ke2 c4 57. Nf5 Bc5 58. f4 d4 59. h4 Nb4 60. h5
Nd5 61. Kf3 c3 62. h6 Kg6 63. Nh4+ Kxh6 64. Bf5 Ne3 65. Bd3 c2 66. Bxc2 Nxc2
67. Ke4 Ne1 68. Nf5+ Kh5 69. Kd5 Kg4 70. Nh6+ Kxg3 71. Nxf7 d3 72. Ng5 Kxf4 73.
Ne4 Bb4 74. Kd4 d2 0-1

[Event "0MCR_3DE_2L_1S"]
[Site "?"]
[Date "2003.??.??"]
[Round "?"]
[White "Doudera, Lubomir"]
[Black "Misicko, Jan"]
[Result "1/2-1/2"]
[WhiteElo "2235"]
[BlackElo "2055"]
[PlyCount "87"]
[EventDate "2003.??.??"]
[EventType "corr"]
[EventRounds "2"]
[SourceDate "2004.06.03"]

1. e4 c5 2. c3 d5 3. exd5 Qxd5 4. d4 Nf6 5. Nf3 Bg4 6. Be2 e6 7. h3 Bh5 8. O-O
Be7 9. Be3 cxd4 10. cxd4 Nc6 11. Nc3 Qd6 12. Qb3 O-O 13. Rfd1 Rfd8 14. a3 Rab8
15. Rac1 h6 16. g3 Nd5 17. Nxd5 Qxd5 18. Qxd5 Rxd5 19. g4 Bg6 20. Ne5 Nxe5 21.
dxe5 Rxe5 22. Bxa7 Ra8 23. Be3 Bg5 24. Rc3 Bxe3 25. fxe3 Be4 26. Rc7 Rf8 27.
Kf2 f5 28. g5 f4 29. gxh6 fxe3+ 30. Ke1 gxh6 31. Rdd7 Rf2 32. Bd3 Bxd3 33. Rxd3
b5 34. Rd8+ Rf8 35. Rdd7 Rg5 36. Re7 Rg1+ 37. Ke2 Rg3 38. Rxe6 Rxh3 39. Rxe3
Rh2+ 40. Kd3 Rxb2 41. Rg3+ Kh8 42. Rgg7 Rf3+ 43. Ke4 Rxa3 44. Rh7+ 1/2-1/2

[Event "0MCR_3DE_2L_1S"]
[Site "?"]
[Date "2003.??.??"]
[Round "?"]
[White "Doudera, Lubomir"]
[Black "Nemecek, Pavel"]
[Result "1/2-1/2"]
[WhiteElo "2235"]
[BlackElo "2035"]
[PlyCount "103"]
[EventDate "2003.??.??"]
[EventType "corr"]
[EventRounds "2"]
[SourceDate "2004.06.03"]

1. e4 d6 2. d4 Nf6 3. Nc3 g6 4. Nf3 c6 5. Be2 Bg7 6. O-O O-O 7. Re1 Qc7 8. Bf4
Nh5 9. Bg5 b5 10. Qd2 e5 11. a3 a6 12. Red1 f6 13. Be3 Nd7 14. a4 b4 15. Na2 a5
16. dxe5 dxe5 17. c3 bxc3 18. Nxc3 Qb7 19. Rab1 Re8 20. Bc4+ Kh8 21. Ne1 Bf8
22. Bf7 Rd8 23. Qc2 Rb8 24. Rd2 Nf4 25. Rbd1 Kg7 26. Bc4 Be7 27. f3 Nb6 28. Ba2
Rxd2 29. Qxd2 Qa6 30. Bxf4 exf4 31. Nd3 g5 32. e5 f5 33. Qf2 Nc4 34. g3 Ne3 35.
Rd2 Nc4 36. Re2 Ne3 37. gxf4 Qxd3 38. Rd2 Ng4 39. fxg4 Qh3 40. gxf5 Bxf5 41.
Qa7 Re8 42. Rf2 Bg6 43. Kh1 gxf4 44. Rxf4 c5 45. Bd5 Qe3 46. Rg4 Qxe5 47. Be4
Rf8 48. Nd5 Rf1+ 49. Kg2 Rf7 50. Nxe7 Rxe7 51. Qb6 Kh8 52. Bxg6 1/2-1/2

[Event "0MCR_3DE_2L_1S"]
[Site "?"]
[Date "2003.??.??"]
[Round "?"]
[White "Doudera, Lubomir"]
[Black "Pauschek, Roman"]
[Result "0-1"]
[WhiteElo "2235"]
[BlackElo "2080"]
[PlyCount "106"]
[EventDate "2003.??.??"]
[EventType "corr"]
[EventRounds "2"]
[SourceDate "2004.06.03"]

1. e4 e5 2. Nf3 Nc6 3. Bc4 Bc5 4. c3 Nf6 5. d3 d6 6. O-O O-O 7. Bb3 a6 8. Nbd2
Ba7 9. Nc4 Ne7 10. Bg5 Ng6 11. Nh4 Nf4 12. Nf5 Bxf5 13. exf5 Qd7 14. Ne3 Kh8
15. Kh1 Rae8 16. Bxf6 gxf6 17. d4 c6 18. g3 exd4 19. cxd4 Nh3 20. Kg2 Ng5 21.
Re1 d5 22. f3 h5 23. f4 Nh7 24. Kh3 Re4 25. Bc2 Rxd4 26. Qxh5 Rd2 27. Rac1 Kg7
28. Nf1 Rf2 29. Qd1 Ng5+ 30. Kg4 Nf3 31. Re2 Rxe2 32. Qxe2 Ng1 33. Qg2 Rg8 34.
Kh4 Rh8+ 35. Kg4 Rh6 36. Ne3 Rg6+ 37. Kh5 Bxe3 38. fxg6 Bxc1 39. gxf7 Bxb2 40.
Bg6 Qe6 41. a4 b5 42. axb5 axb5 43. Qf1 c5 44. Qg2 c4 45. Kh4 Bd4 46. Kh5 Qe2+
47. Qxe2 Nxe2 48. Kg4 Bc5 49. f8=Q+ Kxf8 50. h4 b4 51. h5 Kg7 52. Kf3 Nd4+ 53.
Kg2 b3 0-1

[Event "0MCR_3DE_2L_1S"]
[Site "?"]
[Date "2003.??.??"]
[Round "?"]
[White "Doudera, Lubomir"]
[Black "Tomisek, Petr"]
[Result "1/2-1/2"]
[WhiteElo "2235"]
[BlackElo "2165"]
[PlyCount "92"]
[EventDate "2003.??.??"]
[EventType "corr"]
[EventRounds "2"]
[SourceDate "2004.06.03"]

1. e4 e5 2. Nf3 Nc6 3. Bc4 Nf6 4. Ng5 d5 5. exd5 Na5 6. Bb5+ Bd7 7. Qe2 Be7 8.
Nc3 O-O 9. Bxd7 Qxd7 10. O-O Rfe8 11. d3 Bb4 12. Bd2 Bxc3 13. bxc3 Qxd5 14. c4
Qc5 15. Rab1 Nc6 16. Rxb7 Nd4 17. Qe3 Qc6 18. Rb2 h6 19. Ne4 Nxe4 20. Qxe4 Qxe4
21. dxe4 Ne2+ 22. Kh1 Rab8 23. Rbb1 c6 24. Ba5 Nd4 25. c3 Rxb1 26. Rxb1 Ne6 27.
h3 Re7 28. Rb8+ Kh7 29. Bb4 Rd7 30. Rc8 Rd1+ 31. Kh2 Rd2 32. Rxc6 Rxf2 33. Ra6
Nf4 34. c5 Rxg2+ 35. Kh1 Re2 36. Rxa7 Re1+ 37. Kh2 Re2+ 38. Kg3 Re3+ 39. Kf2
Rxe4 40. Rxf7 Nxh3+ 41. Kf1 Kg6 42. Rd7 Rf4+ 43. Ke1 Ng5 44. c6 Rc4 45. c7 Ne6
46. Bd6 Kf5 1/2-1/2

[Event "0MCR_3DE_2L_1S"]
[Site "?"]
[Date "2003.??.??"]
[Round "?"]
[White "Glembek, Bohumir"]
[Black "Baciak, Miloslav"]
[Result "1-0"]
[WhiteElo "2115"]
[BlackElo "1930"]
[PlyCount "75"]
[EventDate "2003.??.??"]
[EventType "corr"]
[EventRounds "2"]
[SourceDate "2004.06.03"]

1. d4 Nf6 2. c4 e6 3. Nc3 Bb4 4. e3 O-O 5. Bd3 d5 6. Nge2 c5 7. cxd5 cxd4 8.
exd4 Nxd5 9. a3 Bd6 10. Bc2 Nxc3 11. Qd3 g6 12. bxc3 Bd7 13. h4 e5 14. Qd2 exd4
15. h5 Qe7 16. hxg6 fxg6 17. cxd4 Be6 18. Rb1 Re8 19. Be4 Bc4 20. f3 Nc6 21.
Qc3 Rad8 22. Qxc4+ Kh8 23. Bb2 Qg7 24. Qc2 Ne7 25. f4 Qf7 26. d5+ Kg8 27. Qc3
Kf8 28. Qh8+ Qg8 29. Qf6+ Qf7 30. Rxh7 Qxf6 31. Bxf6 Rb8 32. Kd2 Rbc8 33. Be5
Bxe5 34. fxe5 Nxd5 35. Bxd5 Rxe5 36. Nf4 Rxd5+ 37. Nxd5 Rd8 38. Rh8+ 1-0

[Event "0MCR_3DE_2L_1S"]
[Site "?"]
[Date "2003.??.??"]
[Round "?"]
[White "Glembek, Bohumir"]
[Black "Hurka, Jiri"]
[Result "0-1"]
[WhiteElo "2115"]
[BlackElo "1800"]
[PlyCount "104"]
[EventDate "2003.??.??"]
[EventType "corr"]
[EventRounds "2"]
[SourceDate "2004.06.03"]

1. d4 d5 2. c4 dxc4 3. e4 e6 4. Bxc4 c5 5. Nf3 cxd4 6. Nxd4 Bc5 7. Nb3 Qxd1+ 8.
Kxd1 Bxf2 9. Nc3 Nf6 10. Nb5 Bb6 11. e5 Ng4 12. Re1 O-O 13. Bf4 a6 14. Nc3 Nc6
15. h3 Rd8+ 16. Nd2 Nf2+ 17. Ke2 Ba7 18. a4 Na5 19. Nd1 Nxc4 20. Nxc4 Rd4 21.
Be3 Rxc4 22. Nxf2 Rc2+ 23. Kf1 Bxe3 24. Rxe3 Bd7 25. Re2 Rac8 26. Rxc2 Rxc2 27.
Rd1 Be8 28. Rd8 Kf8 29. b4 Ke7 30. Rb8 Bc6 31. a5 Rb2 32. Nd3 Rxg2 33. Nc5 Rb2
34. Rc8 Rxb4 35. Rc7+ Kf8 36. Rc8+ Be8 37. Kf2 Ke7 38. Rc7+ Kd8 39. Rxb7 Rxb7
40. Nxb7+ Ke7 41. Nd6 f6 42. Ke3 fxe5 43. Nc4 Kf6 44. Nd2 Kg5 45. Nf3+ Kh5 46.
Nxe5 Kh4 47. Nf3+ Kxh3 48. Ng5+ Kg4 49. Nxe6 Bc6 50. Kf2 g5 51. Nc5 Bb5 52. Nb3
h5 0-1

[Event "0MCR_3DE_2L_1S"]
[Site "?"]
[Date "2003.??.??"]
[Round "?"]
[White "Glembek, Bohumir"]
[Black "Misicko, Jan"]
[Result "1-0"]
[WhiteElo "2115"]
[BlackElo "2055"]
[PlyCount "80"]
[EventDate "2003.??.??"]
[EventType "corr"]
[EventRounds "2"]
[SourceDate "2004.06.03"]

1. d4 Nf6 2. c4 e6 3. Nc3 Bb4 4. e3 b6 5. Bd3 Bb7 6. Nf3 O-O 7. O-O c5 8. Na4
cxd4 9. exd4 Re8 10. a3 Bf8 11. Re1 d6 12. Bg5 Nbd7 13. Nc3 h6 14. Bh4 Rc8 15.
Rc1 a6 16. Nd2 Qc7 17. b4 Kh8 18. Qe2 g6 19. b5 a5 20. a4 e5 21. d5 Bg7 22. Qf3
Rf8 23. g4 Nh7 24. Bc2 Rce8 25. Nce4 f5 26. gxf5 gxf5 27. Ng3 e4 28. Qa3 Bd4
29. Ne2 Bc5 30. Qh3 Ne5 31. Kh1 e3 32. fxe3 Nxc4 33. Nf4 Nxd2 34. Rg1 Qf7 35.
Ng6+ Qxg6 36. Rxg6 Bxd5+ 37. e4 Bxe4+ 38. Bxe4 Nxe4 39. Bg3 Re7 40. Qxh6 Nxg3+
1-0

[Event "0MCR_3DE_2L_1S"]
[Site "?"]
[Date "2003.??.??"]
[Round "?"]
[White "Glembek, Bohumir"]
[Black "Nemecek, Pavel"]
[Result "1/2-1/2"]
[WhiteElo "2115"]
[BlackElo "2035"]
[PlyCount "45"]
[EventDate "2003.??.??"]
[EventType "corr"]
[EventRounds "2"]
[SourceDate "2004.06.03"]

1. e4 c5 2. f4 e6 3. Nf3 d5 4. e5 Nc6 5. g3 Nh6 6. Bg2 Be7 7. c3 d4 8. O-O O-O
9. d3 Qd7 10. Qe2 b5 11. cxd4 cxd4 12. Na3 Rb8 13. Nc2 Bb7 14. b3 Rfc8 15. Bd2
a5 16. Rfc1 b4 17. Qf2 Bd8 18. h3 Nf5 19. g4 Nfe7 20. a3 Nd5 21. axb4 axb4 22.
Kh2 Bb6 23. Nfe1 1/2-1/2

[Event "0MCR_3DE_2L_1S"]
[Site "?"]
[Date "2003.??.??"]
[Round "?"]
[White "Glembek, Bohumir"]
[Black "Pauschek, Roman"]
[Result "1/2-1/2"]
[WhiteElo "2115"]
[BlackElo "2080"]
[PlyCount "57"]
[EventDate "2003.??.??"]
[EventType "corr"]
[EventRounds "2"]
[SourceDate "2004.06.03"]

1. e4 e5 2. Nf3 Nc6 3. Bc4 Nf6 4. d4 exd4 5. e5 d5 6. Bb5 Ne4 7. Nxd4 Bd7 8.
Bxc6 bxc6 9. O-O Bc5 10. f3 Ng5 11. Be3 O-O 12. Qd2 f6 13. Kh1 Re8 14. Qc3 Bxd4
15. Bxd4 Ne6 16. Bf2 fxe5 17. Qxe5 Nf8 18. Qg3 Qf6 19. Nc3 Ne6 20. Rfe1 a6 21.
Na4 c5 22. Nxc5 Nxc5 23. Bxc5 Qxb2 24. Rad1 Qxc2 25. Qxc7 Be6 26. Rc1 Qxa2 27.
Bd4 Bf7 28. Qg3 Bg6 29. Qc7 1/2-1/2

[Event "0MCR_3DE_2L_1S"]
[Site "?"]
[Date "2003.??.??"]
[Round "?"]
[White "Glembek, Bohumir"]
[Black "Tomisek, Petr"]
[Result "0-1"]
[WhiteElo "2115"]
[BlackElo "2165"]
[PlyCount "90"]
[EventDate "2003.??.??"]
[EventType "corr"]
[EventRounds "2"]
[SourceDate "2004.06.03"]

1. d4 Nf6 2. c4 c5 3. d5 e5 4. Nc3 d6 5. e4 g6 6. Bd3 Bg7 7. Nge2 Nbd7 8. O-O
a6 9. f3 Nh5 10. Be3 O-O 11. Qd2 f5 12. g4 f4 13. Bf2 Nhf6 14. a3 Ne8 15. b4 h5
16. h3 hxg4 17. hxg4 Qg5 18. Qe1 Bf6 19. Na4 Rf7 20. Kg2 Rh7 21. Qc3 a5 22.
Rfb1 axb4 23. axb4 b6 24. Bc2 cxb4 25. Qxb4 Nc5 26. Rg1 Bd8 27. Qb1 Nf6 28.
Nec3 Bxg4 29. Kf1 Rh2 30. Nd1 Bh3+ 31. Ke1 Bg2 32. Qb5 Be7 33. Ra3 Qh5 34. Qc6
Rd8 35. Nxc5 bxc5 36. Qb7 Kf8 37. Qb3 Nh7 38. Kd2 Ng5 39. Kc1 Nh3 40. Re1 Nxf2
41. Nxf2 Bh4 42. Re2 Bf1 43. Qb7 Be7 44. Rd2 Bxc4 45. Ra2 Bxa2 0-1

[Event "0MCR_3DE_2L_1S"]
[Site "?"]
[Date "2003.??.??"]
[Round "?"]
[White "Hurka, Jiri"]
[Black "Baciak, Miloslav"]
[Result "1-0"]
[WhiteElo "1800"]
[BlackElo "1930"]
[PlyCount "163"]
[EventDate "2003.??.??"]
[EventType "corr"]
[EventRounds "2"]
[SourceDate "2004.06.03"]

1. e4 c5 2. f4 d5 3. Bb5+ Bd7 4. Bxd7+ Qxd7 5. exd5 Qxd5 6. Qe2 Nc6 7. Nf3 Nd4
8. Nxd4 cxd4 9. c4 Qf5 10. d3 Rd8 11. O-O Nf6 12. Na3 e6 13. Nc2 Be7 14. b4 O-O
15. Bb2 Rd7 16. Bxd4 Rfd8 17. Ne3 Qh5 18. Qxh5 Nxh5 19. Bxa7 Bxb4 20. Rab1 Bd6
21. g3 Ra8 22. Bb6 Ra3 23. c5 Bf8 24. Nc4 Rxa2 25. Rf3 Rd5 26. d4 Nf6 27. Ra3
Rxa3 28. Nxa3 Rd7 29. Ba7 h6 30. Nb5 Rd8 31. Kg2 g5 32. h4 g4 33. Bb6 Ra8 34.
Rb2 Nd5 35. Bc7 Rc8 36. Be5 b6 37. cxb6 Nxb6 38. Na7 Ra8 39. Rxb6 Rxa7 40. Rb8
Ra2+ 41. Kf1 Ra1+ 42. Ke2 Ra2+ 43. Kd3 Ra3+ 44. Kc4 Ra4+ 45. Kb3 Ra6 46. Bf6
Ra7 47. Kc4 h5 48. Kd3 Ra3+ 49. Ke4 Rxg3 50. Be7 f5+ 51. Ke5 Kf7 52. Bxf8 Re3+
53. Kd6 Rd3 54. Kc6 g3 55. Bd6 g2 56. Rb7+ Kg8 57. Rb1 Kf7 58. Rg1 Rc3+ 59. Bc5
Rc2 60. d5 exd5 61. Kxd5 Re2 62. Bd4 Ke7 63. Be5 Rd2+ 64. Kc4 Ke6 65. Kc3 Ra2
66. Kd4 Re2 67. Kd3 Ra2 68. Ke3 Kd5 69. Kf3 Rd2 70. Rxg2 Rxg2 71. Kxg2 Ke6 72.
Kf3 Kd5 73. Ke3 Kc4 74. Bg7 Kd5 75. Kd3 Kc5 76. Bf8+ Kd5 77. Ba3 Ke6 78. Kd4
Kf6 79. Kd5 Kf7 80. Ke5 Kg6 81. Ke6 Kg7 82. Kxf5 1-0

[Event "0MCR_3DE_2L_1S"]
[Site "?"]
[Date "2003.??.??"]
[Round "?"]
[White "Hurka, Jiri"]
[Black "Doudera, Lubomir"]
[Result "1/2-1/2"]
[WhiteElo "1800"]
[BlackElo "2235"]
[PlyCount "123"]
[EventDate "2003.??.??"]
[EventType "corr"]
[EventRounds "2"]
[SourceDate "2004.06.03"]

1. e4 d5 2. exd5 Qxd5 3. Nc3 Qa5 4. d4 Nf6 5. Nf3 Bg4 6. Bd2 c6 7. h3 Bh5 8.
Be2 Nbd7 9. O-O e6 10. Re1 Qc7 11. Ne5 Bg6 12. Bf4 Nxe5 13. Bxe5 Bd6 14. Bf3
O-O 15. Bxf6 gxf6 16. Ne4 Bxe4 17. Rxe4 Bh2+ 18. Kh1 Bf4 19. c3 Kh8 20. Qb3 Rg8
21. Rd1 Rg7 22. c4 f5 23. Ree1 Rag8 24. d5 Qe7 25. dxc6 Qh4 26. Qc2 Bb8 27. c7
Bxc7 28. Bxb7 Qf4 29. Kg1 e5 30. Qc1 Qh4 31. Qc3 e4 32. Rd5 f6 33. Rxf5 Bh2+
34. Kxh2 Rxg2+ 35. Kh1 R2g3 36. Rh5 Qxh5 37. Qxf6+ R3g7 38. Qc3 Qc5 39. Bxe4
Qxf2 40. Bd5 Rd8 41. a3 a5 42. Qxa5 Qf6 43. Qb5 Rdg8 44. Qb3 Re7 45. Rd1 Rge8
46. Rg1 Re1 47. Qc3 Qxc3 48. bxc3 R1e3 49. Kh2 Rxc3 50. a4 Re2+ 51. Rg2 Rxg2+
52. Kxg2 Kg7 53. Bb7 Rxc4 54. a5 Ra4 55. a6 Kf6 56. Kf3 Kg5 57. Ke3 Kh4 58. Bc8
Kg3 59. Kd3 h5 60. Kc3 h4 61. Kb3 Rxa6 62. Bxa6 1/2-1/2

[Event "0MCR_3DE_2L_1S"]
[Site "?"]
[Date "2003.??.??"]
[Round "?"]
[White "Hurka, Jiri"]
[Black "Glembek, Bohumir"]
[Result "1/2-1/2"]
[WhiteElo "1800"]
[BlackElo "2115"]
[PlyCount "116"]
[EventDate "2003.??.??"]
[EventType "corr"]
[EventRounds "2"]
[SourceDate "2004.06.03"]

1. e4 Nf6 2. e5 Nd5 3. c4 Nb6 4. c5 Nd5 5. Bc4 e6 6. d4 d6 7. cxd6 cxd6 8. Nf3
Nb6 9. Bd3 Nc6 10. O-O Nb4 11. Bg5 Be7 12. Bxe7 Qxe7 13. Be4 d5 14. Bd3 Nxd3
15. Qxd3 Bd7 16. Rc1 O-O 17. Nc3 Rac8 18. Rc2 Nc4 19. Rac1 Rc6 20. Ne2 Re8 21.
b3 Na5 22. Nc3 Rec8 23. Ne1 b6 24. h3 Be8 25. Ne2 Qb4 26. Qe3 Qe7 27. Nf4 Rxc2
28. Rxc2 Rxc2 29. Nxc2 Nc6 30. Qg3 h6 31. a3 f6 32. exf6 Qxf6 33. Qe3 Bg6 34.
Nxg6 Qxg6 35. Ne1 Qe4 36. Qxe4 dxe4 37. Nc2 Kf7 38. b4 a6 39. Kh2 Ke7 40. Kg3
Kd6 41. Kf4 Kd5 42. h4 g6 43. a4 a5 44. bxa5 bxa5 45. g3 Nb4 46. Na1 Kxd4 47.
Nb3+ Kd5 48. g4 Nd3+ 49. Ke3 Nb2 50. Nxa5 Nxa4 51. Nb3 Nc3 52. Nd2 Nd1+ 53. Ke2
Nb2 54. Ke3 g5 55. hxg5 Nd1+ 56. Ke2 Nc3+ 57. Ke3 hxg5 58. f4 exf3 1/2-1/2

[Event "0MCR_3DE_2L_1S"]
[Site "?"]
[Date "2003.??.??"]
[Round "?"]
[White "Hurka, Jiri"]
[Black "Misicko, Jan"]
[Result "1/2-1/2"]
[WhiteElo "1800"]
[BlackElo "2055"]
[PlyCount "39"]
[EventDate "2003.??.??"]
[EventType "corr"]
[EventRounds "2"]
[SourceDate "2004.06.03"]

1. e4 c5 2. Nf3 e6 3. Nc3 d6 4. d4 cxd4 5. Bb5+ Bd7 6. Nxd4 Bxb5 7. Ndxb5 a6 8.
Nd4 Nf6 9. O-O Nc6 10. Bg5 Be7 11. Qd2 h6 12. Bh4 d5 13. exd5 Nxd5 14. Nxc6
bxc6 15. Bxe7 Qxe7 16. Rfe1 Qb4 17. Re4 Qc5 18. Na4 Qb5 19. Nc3 Qc5 20. Na4
1/2-1/2